000 00277nam a2200109Ia 4500
008 190216s9999||||xx |||||||||||||| ||und||
100 _aKurup K K N
245 0 _aArya Dravida Gadagangal Malabarile Nadan Kalayil
260 _bBhasha Institute
650 _aHistory
942 _cBK
999 _c19828
_d19828